Demarcation of Responsibilities in Government of India (Record no. 223507)
[ view plain ]
| 000 -LEADER | |
|---|---|
| fixed length control field | 00761nam a22002417a 4500 |
| 005 - DATE AND TIME OF LATEST TRANSACTION | |
| control field | 20220629093017.0 |
| 008 - FIXED-LENGTH DATA ELEMENTS--GENERAL INFORMATION | |
| fixed length control field | 220629b ||||| |||| 00| 0 eng d |
| 040 ## - CATALOGING SOURCE | |
| Transcribing agency | AL |
| 041 ## - LANGUAGE CODE | |
| Language code of text/sound track or separate title | English |
| 082 ## - DEWEY DECIMAL CLASSIFICATION NUMBER | |
| Edition number | 23 |
| Classification number | 352.20954 |
| Item number | LOKD |
| 100 ## - MAIN ENTRY--PERSONAL NAME | |
| Personal name | Lok Sabha Secretariat |
| 100 ## - MAIN ENTRY--PERSONAL NAME | |
| 9 (RLIN) | 45853 |
| 245 ## - TITLE STATEMENT | |
| Title | Demarcation of Responsibilities in Government of India |
| 260 ## - PUBLICATION, DISTRIBUTION, ETC. | |
| Place of publication, distribution, etc. | New Delhi |
| Name of publisher, distributor, etc. | Lok Sabha Secretariat |
| Date of publication, distribution, etc. | 2004 |
| 300 ## - PHYSICAL DESCRIPTION | |
| Extent | vi,135 p. |
| Other physical details | PB |
| Dimensions | 23x15 cm. |
| 365 ## - TRADE PRICE | |
| Price amount | ₹60.00 |
| Currency code | ₹ |
| Unit of pricing | ₹60.00 |
| 650 ## - SUBJECT ADDED ENTRY--TOPICAL TERM | |
| Topical term or geographic name entry element | India |
| 9 (RLIN) | 45854 |
| 650 ## - SUBJECT ADDED ENTRY--TOPICAL TERM | |
| Topical term or geographic name entry element | Administrative agencies |
| 9 (RLIN) | 45855 |
| 650 ## - SUBJECT ADDED ENTRY--TOPICAL TERM | |
| Topical term or geographic name entry element | Ministerial responsibility |
| 9 (RLIN) | 45856 |
| 650 ## - SUBJECT ADDED ENTRY--TOPICAL TERM | |
| Topical term or geographic name entry element | Executive departments |
| 9 (RLIN) | 45857 |
| 650 ## - SUBJECT ADDED ENTRY--TOPICAL TERM | |
| Topical term or geographic name entry element | India Parliament Lok Sabha |
| 9 (RLIN) | 45858 |
| 700 ## - ADDED ENTRY--PERSONAL NAME | |
| Personal name | LOK SABHA SECRETARIAT |
| 9 (RLIN) | 45859 |
| 942 ## - ADDED ENTRY ELEMENTS (KOHA) | |
| Source of classification or shelving scheme | Dewey Decimal Classification |
| Koha item type | George Fernandes Collections |
| Withdrawn status | Lost status | Source of classification or shelving scheme | Damaged status | Not for loan | Collection code | Home library | Current library | Date acquired | Total Checkouts | Full call number | Barcode | Date last seen | Price effective from | Koha item type |
|---|---|---|---|---|---|---|---|---|---|---|---|---|---|---|
| Dewey Decimal Classification | Political Science | St Aloysius Library | St Aloysius Library | 03/23/2013 | 352.20954 LOKD | GF00326 | 06/29/2022 | 06/29/2022 | George Fernandes Collections | |||||
| Dewey Decimal Classification | Political Science | St Aloysius Library | St Aloysius Library | 03/23/2013 | 352.20954 LOKD | GF00634 | 07/19/2022 | 07/19/2022 | George Fernandes Collections |